| 000 | 00563nam a2200229 a 4500 | ||
|---|---|---|---|
| 999 |
_c4961 _d4961 |
||
| 001 | 4961 | ||
| 003 | BD-JhCC | ||
| 005 | 20171231133042.0 | ||
| 008 | 171205s1968 e a|||| || | 001 0 eng d | ||
| 035 | _a(BD-JhCC)4961 | ||
| 040 |
_aBD-JhCC _dBD-JhCC |
||
| 041 | _aeng | ||
| 082 |
_a791.4575 _bSTA 1968 |
||
| 100 | _aStanden, John | ||
| 245 |
_aThe Edwardians / _cJohn Standen, |
||
| 260 |
_aLondon : _bFaber and Faber, _c1968 |
||
| 300 |
_a125 p. : _c18 cm. |
||
| 504 | _aBibliography | ||
| 650 | _aManners and Customs | ||
| 942 |
_2ddc _cBK |
||